| 000 | 00392nam a2200181Ia 4500 | ||
|---|---|---|---|
| 005 | 20251020182536.0 | ||
| 008 | 200515s9999 xx 000 0 und d | ||
| 082 | _a72:920.21/N47 | ||
| 100 | _aNEUTRA, Richard | ||
| 245 | 0 | _aVida y forma | |
| 260 | _aBuenos Aires | ||
| 260 | _c1962 | ||
| 300 | _a365 | ||
| 500 | _a1 ejemplar | ||
| 650 | _aARQUITECTURA | ||
| 650 | _aLIB | ||
| 942 | _cLIB | ||
| 999 |
_c2252 _d2252 |
||